000 00846nam a2200253 i 4500
999 _c34839
_d34839
001 34839
003 Mx-PuUPA
005 20250423140734.0
008 140415s1984 gr 001 0 spa d
040 _aMx-PuUPA
_bspa
_cMx-PuUPA
_dMx-PuUPA
_erda
041 0 _aspa
110 2 _aInstituto Mexicano de Contadores Públicos,
_eautor
_92424
245 1 0 _aNormas y procedimientos de auditoria /
_cInstituto Mexicano de Contadores Públicos,
250 _a16a edición
264 1 _aMéxico, D.F. :
_bInstituto Mexicano de Contadores Públicos,
_c1984
300 _a483 páginas ;
_c29 cm
336 _atexto
_2rdacontent
_btxt
337 _asin medio
_2rdamedia
_bn
338 _avolumen
_2rdacarrier
_bnc
650 4 _aAuditoria
_xContabilidad
942 _2ddc
_cLI
_h657.45
_iI595